Buslinie 15 Münster - Statistiken

Allgemein
  • Dieses Quiz wurde 47 mal gespielt
  • Das Durchschnittsergebnis liegt bei 10 aus 50
Antwortstatistiken
Hint Albachten-Kinderhaus % Korrekt
28 Hauptbahnhof
83%
30 Altstadt/ Bült
61%
29 Eisenbahnstraße
61%
14 Mecklenbeck Bahnhof
44%
27 Ludgeriplatz
39%
36 Polizeipräsidium/ LWL-Klinik
39%
1 Albachten Bahnhof
36%
26 St.-Antonius-Kirche
36%
24 Kolde-Ring/ LVM
33%
31 Tibusstraße
33%
37 Dreifaltigkeitskirche
31%
23 DZ HYP/ IHK
28%
22 Inselbogen/ Sparkassenzentrale
28%
9 Albachten Kirche
25%
5 Hohe Geist
25%
46 Kinderhaus Schulzentrum
25%
35 Cheruskerring
22%
25 Geiststraße
22%
38 Germania-Campus
19%
33 Hoyastraße
19%
21 Buckstraße
17%
8 Dülmener Straße
17%
18 Kerkheideweg/ Brillux
17%
50 Kinderhaus Brüningheide
17%
34 Nordplatz
17%
19 Boeselagerstraße
14%
15 Dingbängerweg
14%
40 Dreizehnerstraße
14%
3 Sendener Stiege
14%
16 Umspannwerk
14%
41 Ermlandweg
11%
47 Feldstiegenkamp
11%
32 Kreuzschanze
11%
39 Meßkamp
11%
7 Rottkamp
11%
13 Alte Heroldstraße
8%
42 Am Burloh
8%
4 Am Kämpken
8%
49 Killingstraße
8%
44 Kristiansandstraße
8%
2 Langenkamp
8%
17 Mersmannsstiege
8%
45 Rektoratsweg
8%
6 Wierling
8%
12 An der Hansalinie
6%
43 Janningsweg
6%
10 Marga-Spiegel-Straße
6%
48 Meinertzstraße
6%
11 Möselerhook
6%
20 P+R Wesler Straße
0%
Keine übereinstimmenden Quizze gefunden
Verteilung der Resultate
Anzahl Personen mit jedem Resultat
Perzentil nach korrekt beantworteten Fragen
Ihre Resultats-Entwicklung
Sie haben dieses Quiz noch nicht gespielt